UM Logo

Community organizing participatory action research (CO-PAR) for community health development: (Record no. 2900)

MARC details
000 -LEADER
fixed length control field 00714nam a22001817a 4500
008 - FIXED-LENGTH DATA ELEMENTS--GENERAL INFORMATION
fixed length control field 160528b xxu||||| |||| 00| 0 eng d
020 ## - INTERNATIONAL STANDARD BOOK NUMBER
International Standard Book Number 9717560269
082 ## - DEWEY DECIMAL CLASSIFICATION NUMBER
Edition number 2001
Classification number DFil 362.0425
Item number J26
100 ## - MAIN ENTRY--PERSONAL NAME
9 (RLIN) 9636
Personal name Jimenez, Carmen E.
245 ## - TITLE STATEMENT
Title Community organizing participatory action research (CO-PAR) for community health development:
Remainder of title Helping people grow and glow/
Statement of responsibility, etc. Carmen E. Jimenez
260 ## - PUBLICATION, DISTRIBUTION, ETC. (IMPRINT)
Place of publication, distribution, etc. Lucena City:
Name of publisher, distributor, etc. Sacred Heart College,
Date of publication, distribution, etc. c2002.
300 ## - PHYSICAL DESCRIPTION
Extent x, 196 pages:
Other physical details illustrations;
Dimensions 22.5 cm.
500 ## - GENERAL NOTE
General note Include references
650 #0 - SUBJECT ADDED ENTRY--TOPICAL TERM
9 (RLIN) 9639
Topical term or geographic name as entry element Community health service
Geographic subdivision Philippines
650 #0 - SUBJECT ADDED ENTRY--TOPICAL TERM
9 (RLIN) 9640
Topical term or geographic name as entry element Community organizing participatory action research
365 ## - TRADE PRICE
Price amount 260.00
Currency code Php.
942 ## - ADDED ENTRY ELEMENTS (KOHA)
Source of classification or shelving scheme Dewey Decimal Classification
Koha item type Filipiniana
Holdings
Withdrawn status Lost status Source of classification or shelving scheme Damaged status Not for loan Collection code Home library Current library Date acquired Source of acquisition Total Checkouts Full call number Barcode Date last seen Copy number Price effective from Koha item type
    Dewey Decimal Classification     Filipiniana UM Digos College - LIC UM Digos College - LIC 09/13/2006 Purchased   DFil 362.0425 J26 2001 15075 05/15/2025 1 05/28/2016 Filipiniana